000 00683nam a2200241Ia 4500
003 OSt
005 20220918222318.0
006 a|||||r|||| 00| 0
007 ta
008 220917b |||||||| |||| 00| 0 eng d
024 _a216,383
037 _cTextual
040 _aARTS
_cARTS
_beng
041 _2eng
_aeng
082 _aR39(Y15)xN08:g, P3
100 _aCard Claudia Ed.
_919623
245 0 _aCambridge companion to Simone De Beauvoir
260 _aCambridge
_bCambridge University press USA
_c2003
300 _axxiv,336p.
_ccm.
650 _aPHILOSOPHY
942 _hR39(Y15)xN08:g, P3
_cTEXL
_2CC
999 _c275124
_d275124